Statistics for Ancient Mesopotamia

Click here to take the quiz!

General Stats

  • This quiz has been taken 979 times
    (769 since last reset)
  • The average score is 13 of 20

Answer Stats

QuestionAnswer% Correct
What does the word Mesopotamia mean?The land between rivers
94%
What was Hammurabi known for?Code of law
91%
Ancient Mesopotamia was famously located by which two rivers?Tigris and Euphrates
84%
Who were the first humans to form a civilization?Sumerians
83%
What ancient wonder of the world had its home in Babylon?Hanging Gardens
79%
In what current country is most of Ancient Mesopotamia located?Iraq
79%
What was a ziggurat in Ancient Mesopotamia?Temple to the local god
78%
What ruler invaded the land and conquered the Persian Empire in 333 BC?Alexander the Great
72%
What is Gilgamesh according to mythology?Demigod
71%
Who was Hammurabi?King of Babylon
70%
In Sumerian literature what was Gilgamesh searching for?Eternal life
60%
What city was the center of the Sumerian civilization?Uruk
59%
Which empire developed the first form of writing by using pictures for words and inscribing them on clay tablets?Sumerians
56%
Who besieged Jerusalem in 568 BC, captured a large number of Judeans and took them to Babylon where they became slaves?Nebuchadnezzar II
55%
What is the name of the wild man that the gods sent to challenge Gilgamesh, but eventually they became best friends?Enkidu
52%
Where was the battle where 300 Spartans hold off the entire Persian army?Thermopylae
52%
Under which ruler, the Persians conquered Babylon and much of Mesopotamia?Cyrus the Great
50%
The Persian wars were a series of wars fought between the Persians and which empire?Greek
49%
What was the capital and largest city of the Neo-Assyrian Empire, as well as the largest city in the world for several decades?Nineveh
45%
What was the deciding battle during the first invasion of Greece by the Persians?Battle of Marathon
36%

Score Distribution

Percentile by Number Answered

Percent of People with Each Score

Your Score History

You have not taken this quiz since the last reset